1214 1647 1843 1786 1088 1248 1531 1072 1410 1993 1480 1275 1935 1641 1305 1138 1708 1882 1837 1916 1393 1030 1295 1386 1961 1498 1696 1192 1106 1899 1301 1931 1823 1559 1479 1583 1639 1797 1717 1640 1560 1117 1912 1887 1142 1430 1823 1452 1172 1303 1486 1525 1500 1058 1504 1894 1836 1321 1320 1766 1994 1907 1556 1461 1369 1381 1651 1980 1227 1368 1737 1796 1273 1320 1325 1056 1281 1134 1321 1566 1360 1546 1853 1163 1564 1810 1793 1873 1723 1659 1278 1366 1679 1397 1097 1691 1911 1469 1762 BCNSPRNW ULIB Ver.6.0+V

เปลี่ยนเป็นภาษาไทย

Change to English
 แสดงรายละเอียดบรรณานุกรม
  กลับหน้าหลัก

Brief Record : Get Marc (ISO 2709) : E-mail record : QR code < ปิดหน้าต่าง
LEADER : 00000nas 2200000uu 4500
001    13399122791
003     ULIB
008    130926s||||||||th 000 0 tha d
022 0  08992993
110 1  ฝ่ายการพยาบาล โรงพยาบาลมหาราชนครเชียงใหม่ และคณะแพทยศาสตร์ มหาวิทยาลัยเชียงใหม่
245 00 วารสารพยาบาลสวนดอก
310    ^aราย 6 เดือน
700 0  สิริลักษณ์ สลักคำ^eบรรณาธิการ
710 1  คณะแพทยศาสตร์ มหาวิทยาลัยเชียงใหม่
850 ^a ULIB^bปีที่ 18 ฉบับที่ 2 ;ปีที่ 18 ฉบับที่ 1 ;ปีที่ 19 ฉบับที่ 2 ;ปีที่ 20 ฉบับที่ 1 ฉ.1 ;ปีที่ 20 ฉบับที่ 2 ฉ.1 ;ปีที่ 21 ฉบับที่ 2 ฉ.1
945    ^p0^l0^i901607
945    ^p0^l0^i901608
945    ^p0^l0^i902093
945    ^p0^l0^i902468
945    ^p0^l0^i902833
945    ^p0^l0^i903517
999    ^aเกษร โพธิ์สุวรรณ
รายการนี้ยังไม่มีแท็ก
คุณยังไม่ได้ล็อกอิน คุณสามารถมีกิจกรรมร่วมกับเว็บไซต์ได้ แต่ต้องล็อกอินก่อน ::
  ล็อกอิน

รายการสื่อสารสนเทศ (วารสาร)

ดูแบบ: กล่อง รายการ
ARRIVED
ปีที่ 18 ฉบับที่ 1
สถานที่: ห้องสมุดวิทยาเขตสวรรค์ประชารักษ์ >วารสาร
ARRIVED
ปีที่ 18 ฉบับที่ 2
สถานที่: ห้องสมุดวิทยาเขตสวรรค์ประชารักษ์ >วารสาร
ARRIVED
ปีที่ 19 ฉบับที่ 2
สถานที่: ห้องสมุดวิทยาเขตสวรรค์ประชารักษ์ >วารสาร
ARRIVED
ปีที่ 20 ฉบับที่ 1 ฉ.1
สถานที่: ห้องสมุดวิทยาเขตสวรรค์ประชารักษ์ >วารสาร
ARRIVED
ปีที่ 20 ฉบับที่ 2 ฉ.1
สถานที่: ห้องสมุดวิทยาเขตสวรรค์ประชารักษ์ >วารสาร
ARRIVED
ปีที่ 21 ฉบับที่ 2 ฉ.1
สถานที่: ห้องสมุดวิทยาเขตสวรรค์ประชารักษ์ >หนังสือพิมพ์
รายการใกล้เคียง
    ชื่อเรื่อง [วารสารพยาบาลสวนดอก]

BibComment


ยังไม่เคยถูกคอมเมนท์

คอมเมนท์ทรัพยากรรายการนี้
  คอมเมนท์: วารสารพยาบาลสวนดอก


 Copyright 2026. Bcnsprnw @Library